Bones and joints : a guide for students /

Hlavní autor: Gunn, Christine
Jazyk: Angličtina
Vydáno: Edinburgh : Elsevier - Churchill Livingstone, 2012
Vydání: 6th ed.
Témata:
Fyzický popis: vi, 262 s. : il. ; 25 cm
Knihy
Uloženo v:
LEADER 01234nam a2200361 a 4500
001 001431947
003 CZ BrMZK
005 20150113142534.0
007 ta
008 141024s2012 xxka e 001 0 eng
020 |a 978-0-7020-5399-3  |q (brož.) 
040 |a BOA001  |b cze 
072 7 |a 616  |x Patologie. Klinická medicína  |2 Konspekt  |9 14 
072 7 |a 37.016  |x Učební osnovy. Vyučovací předměty. Učebnice  |2 Konspekt  |9 22 
080 |a 616.72  |2 MRF 
080 |a 616.71  |2 MRF 
080 |a (07)  |2 MRF 
100 1 |a Gunn, Christine  |7 mzk2014849509  |4 aut 
245 1 0 |a Bones and joints :  |b a guide for students /  |c Chris Gunn 
250 |a 6th ed. 
260 |a Edinburgh :  |b Elsevier - Churchill Livingstone,  |c 2012 
300 |a vi, 262 s. :  |b il. ;  |c 25 cm 
500 |a Terminologický slovník 
500 |a Obsahuje rejstřík 
650 0 7 |a klouby  |7 ph121644  |2 czenas 
650 0 7 |a kosti  |7 ph121898  |2 czenas 
650 0 7 |a nemoci kloubů  |7 ph137965  |2 czenas 
650 0 7 |a nemoci kostí  |7 ph136970  |2 czenas 
655 7 |a učební texty  |7 fd133599  |2 czenas 
910 |a BOA001  |b 2-1334.319 
990 |a BK 
991 |b 201501  |c NOV  |e n 
996 6 |b 2610608730  |c 2-1334.319  |l MZK  |r STM 6p  |n 0  |p kup  |h 616.7 GUN  |w 001466989  |u 000010  |a 0  |e BOA001  |j MZK50  |s P